Señales de persona a persona /
Guardado en:
| Formato: | |
|---|---|
| Series: | Comunicación
|
| Materias: | |
| Etiquetas: |
Agregar Etiqueta
Sin Etiquetas, Sea el primero en etiquetar este registro!
|
| LEADER | 00911ngm a22002295g 4500 | ||
|---|---|---|---|
| 001 | CEM.cems021553 | ||
| 008 | 130507b1992##################0###0#####d | ||
| 005 | 20240828144716.0 | ||
| 245 | 0 | 0 | |a Señales de persona a persona / |
| 300 | |a 28 | ||
| 490 | 0 | |a Comunicación | |
| 500 | |a En soporte VHS, consultar en ventanilla. | ||
| 505 | 0 | |a La torre de Babel. Comunicación verbal y por imágenes. Los colores. Sistemas de señales. Comunicación de masas y propagandas. Opinión pública. El arte como medio de comunicación: pintura, música, teatro, danza. | |
| 538 | |a Soporte: VHS - Norma: Pal N - Color - Grabación Drd 1992 - Hitachi=2426 | ||
| 082 | 3 | 7 | |. 2/ORT |
| 653 | |a ARTE | ||
| 653 | |a MEDIOS DE COMUNICACION | ||
| 653 | |a TORRE DE BABEL | ||
| 653 | |a COMUNICACION | ||
| 653 | |a OPINION PUBLICA | ||
| 653 | |a NVEL SECUNDARIO | ||
| 859 | |a CEMS |b BIB. CEMS - Depto. Recursos Didacticos |h 372.2 |i ORT |k DRD |p 196.12 |t Ej.1 | ||
